Electrical Power System Excitation Control Models And Its Simulation Using Interval Type-2 Fuzzy Logic Techniques/ (Record no. 190910)

MARC details
000 -LEADER
fixed length control field 00789nam a22002057a 4500
005 - DATE AND TIME OF LATEST TRANSACTION
control field 20220810151005.0
010 ## - LCCN (DPL NO)
LC control number ENG-134386
020 ## - INTERNATIONAL STANDARD BOOK NUMBER
International Standard Book Number 9788195308330
Terms of availability 499.00
035 ## - SYSTEM CONTROL NUMBER
System control number EN-117918
037 ## - SOURCE OF ACQUISITION
Source of stock number/acquisition DBAD/PUB
082 ## - DEWEY DECIMAL CLASSIFICATION NUMBER
Classification number 621.319
100 ## - MAIN ENTRY--PERSONAL NAME
Personal name Jha, Manoj Kumar
245 ## - TITLE STATEMENT
Title Electrical Power System Excitation Control Models And Its Simulation Using Interval Type-2 Fuzzy Logic Techniques/
Statement of responsibility, etc Manoj Kumar Jha, Vikas Kumar Mishra and M.F. Qureshi
260 ## - PUBLICATION, DISTRIBUTION, ETC. (IMPRINT)
Place of publication, distribution, etc Chattisgarh
Name of publisher, distributor, etc Aditi Publication
Date of publication, distribution, etc 2021
270 ## - ADDRESS
Address Opp. New Panchjanya Vidya Mandir, Near Tiranga Chowk, Kushalpur, Raipur
City Chattisgarh
Postal code 492001
Electronic mail address shodhsamagam1@gmail.com
300 ## - PHYSICAL DESCRIPTION
Extent 162p.
Dimensions 20cm(pbk)
700 ## - ADDED ENTRY--PERSONAL NAME
Personal name Mishra, Vikas Kumar
700 ## - ADDED ENTRY--PERSONAL NAME
Personal name Qureshi, M.F.
942 ## - ADDED ENTRY ELEMENTS (KOHA)
Source of classification or shelving scheme Dewey Decimal Classification
Item type English Books
Classification part 621.319
Call number suffix JHA
Holdings
Withdrawn status Lost status Not for loan Collection code Home library Current library Date acquired Source of acquisition Cost, normal purchase price Full call number Barcode Copy number Cost, replacement price Koha item type
      Non-fiction Bawana Bawana 10/08/2022 DBAD/PUB 499.00 621.319 JHA EN-117918 1 499.00 English Books

© Delhi Public Library
Hit Counter
free hit counter